Математические модели тепловых процессов в многозонных термических установках для выращивания кристаллов; Молодежь и современные информационные технологии; Т. 1

Bibliografiske detaljer
Parent link:Молодежь и современные информационные технологии: сборник трудов XII Всероссийской научно-практической конференции студентов, аспирантов и молодых ученых, г. Томск, 12-14 ноября 2014 г./ Национальный исследовательский Томский политехнический университет (ТПУ), Институт кибернетики (ИК) ; ред. кол. Е. А. Сикора [и др.].— , 2014
Т. 1.— 2014.— [С. 144-145]
Hovedforfatter: Нгуен Суан Хунг
Institution som forfatter: Национальный исследовательский Томский политехнический университет (ТПУ) Институт кибернетики (ИК) Кафедра прикладной математики (ПМ)
Andre forfattere: Филиппов М. М. Максим Михайлович, Бабушкин Ю. В. Юрий Владимирович
Summary:Заглавие с титульного экрана
Sprog:russisk
Udgivet: 2014
Serier:Математическое моделирование и компьютерный анализ данных
Fag:
Online adgang:http://earchive.tpu.ru/handle/11683/20372
http://www.lib.tpu.ru/fulltext/c/2014/C04/V1/064.pdf
Format: Electronisk Book Chapter
KOHA link:https://koha.lib.tpu.ru/cgi-bin/koha/opac-detail.pl?biblionumber=610589

MARC

LEADER 00000naa2a2200000 4500
001 610589
005 20260407161713.0
035 |a (RuTPU)RU\TPU\conf\8204 
035 |a RU\TPU\conf\8201 
090 |a 610589 
100 |a 20150129d2014 k y0rusy50 ca 
101 0 |a rus 
102 |a RU 
135 |a drcn ---uucaa 
181 0 |a i  
182 0 |a b 
200 1 |a Математические модели тепловых процессов в многозонных термических установках для выращивания кристаллов  |f С. Х. Нгуен, М. М. Филиппов, Ю. В. Бабушкин 
203 |a Текст  |c электронный 
225 1 |a Математическое моделирование и компьютерный анализ данных 
300 |a Заглавие с титульного экрана 
320 |a [Библиогр.: с. 145 (3 назв.)] 
337 |a Adobe Reader 
461 1 |0 (RuTPU)RU\TPU\conf\7802  |t Молодежь и современные информационные технологии  |o сборник трудов XII Всероссийской научно-практической конференции студентов, аспирантов и молодых ученых, г. Томск, 12-14 ноября 2014 г.  |o в 2 т.  |f Национальный исследовательский Томский политехнический университет (ТПУ), Институт кибернетики (ИК) ; ред. кол. Е. А. Сикора [и др.]  |d 2014 
463 0 |0 (RuTPU)RU\TPU\conf\7790  |t Т. 1  |v [С. 144-145]  |d 2014 
610 1 |a труды учёных ТПУ 
610 1 |a электронный ресурс 
610 1 |a математические модели 
610 1 |a тепловые процессы 
610 1 |a многозонные термические установки 
610 1 |a термические установки 
610 1 |a выращивание 
610 1 |a кристаллы 
610 1 |a монокристаллы 
700 0 |a Нгуен Суан Хунг  |c вьетнамский специалист в области информатики и вычислительной техники  |c ассистент кафедры Томского политехнического университета  |3 (RuTPU)RU\TPU\pers\35372 
701 1 |a Филиппов  |b М. М.  |c специалист в области прикладной математики  |c ведущий эксперт Томского политехнического университета, кандидат технических наук  |f 1982-  |g Максим Михайлович  |3 (RuTPU)RU\TPU\pers\25413 
701 1 |a Бабушкин  |b Ю. В.  |c математик  |c доцент Томского политехнического университета, кандидат технических наук  |f 1952-  |g Юрий Владимирович  |3 (RuTPU)RU\TPU\pers\25811 
712 0 2 |a Национальный исследовательский Томский политехнический университет (ТПУ)  |b Институт кибернетики (ИК)  |b Кафедра прикладной математики (ПМ)  |3 (RuTPU)RU\TPU\col\18700 
801 2 |a RU  |b 63413507  |c 20210318  |g RCR 
856 4 |u http://earchive.tpu.ru/handle/11683/20372 
856 4 |u http://www.lib.tpu.ru/fulltext/c/2014/C04/V1/064.pdf 
942 |c BK